[Event "FIDE WCh Women KO"]
[Site "Ekaterinburg RUS"]
[Date "2006.03.19"]
[Round "4.2"]
[White "Sebag,M"]
[Black "Matveeva,S"]
[Result "0-1"]
[WhiteElo "2415"]
[BlackElo "2428"]

1.e4 e6 2.d4 d5 3.Nd2 a6 4.Ngf3 c5 5.exd5 exd5 6.dxc5 Bxc5 7.Nb3 Bb6 8.Bd3 Qe7+
9.Qe2 Qxe2+ 10.Bxe2 Nc6 11.O-O Nf6 12.Bd3 O-O 13.Bf4 Re8 14.Rae1 Bg4 15.Be3 Bxe3
16.Rxe3 Rxe3 17.fxe3 Re8 18.Nfd4 Ne5 19.h3 Bc8 20.Kf2 Nc4 21.Bxc4 Ne4+ 22.Kg1 dxc4
23.Na5 c3 24.b4 g6 25.Rd1 b6 26.Nc4 b5 27.Na5 h5 28.Rd3 Be6 29.a3 Kg7 30.Kf1 h4
31.Ke2 Ng3+ 32.Kf2 Ne4+ 33.Ke2 g5 34.Nxe6+ Rxe6 35.Rd4 Kg6 36.Nb3 Ng3+ 37.Kd3 Rf6
38.Rd5 Rf2 39.Nd4 f6 40.Kxc3 Rxg2 41.Kd3 Nh1 42.a4 Nf2+ 43.Ke2 Nxh3+ 44.Kf1 Rg1+
45.Ke2 bxa4 46.Ra5 Rb1 47.c4 Rb2+ 48.Kf1 g4 49.Ne2 g3 50.Rxa4 Ng5 51.Ra1 g2+
52.Kf2 h3 53.Re1 Rxb4 54.c5 Rc4 55.Kg3 Rxc5 56.Nf4+ Kh6 57.Nxh3 Nxh3 58.Kxh3 g1=Q  0-1

[Event "Open"]
[Site "Bad Woerishofen GER"]
[Date "2006.03.21"]
[Round "5"]
[White "Lupor,S"]
[Black "Zaragatski,I"]
[Result "0-1"]
[WhiteElo "2259"]
[BlackElo "2400"]

1.e4 e6 2.d4 d5 3.Nd2 Nc6 4.Ngf3 Nf6 5.e5 Nd7 6.c3 f6 7.Bb5 fxe5 8.dxe5 Be7
9.O-O O-O 10.Re1 a5 11.a4 Nc5 12.Nf1 Na7 13.Be2 Bd7 14.Ng3 Qe8 15.b3 b5 16.axb5 Nxb5
17.Bd2 Qf7 18.Rf1 a4 19.bxa4 Nxa4 20.Rxa4 Nxc3 21.Rxa8 Nxd1 22.Rxf8+ Qxf8
23.Rxd1 c5 24.h4 Qb8 25.Ra1 Bc6 26.Nh5 Qb2 27.Ra7 Bb7 28.Ba6 Qa1+ 29.Kh2 Bf8
30.Bh6 Bxa6 31.Nf6+ gxf6 32.Ra8 Kf7 33.Rxf8+ Kg6 34.Rxf6+ Kh5 35.Kh3 Qh1+
36.Nh2 Bf1  0-1

[Event "2nd Bundesliga Mitte 2005-6"]
[Site "Austria AUT"]
[Date "2006.03.25"]
[Round "10"]
[White "Horvath,Ta1"]
[Black "Mohr,G"]
[Result "1/2-1/2"]
[WhiteElo "2405"]
[BlackElo "2477"]

1.e4 e6 2.d4 d5 3.Nd2 a6 4.Ngf3 c5 5.exd5 exd5 6.Be2 Nc6 7.dxc5 Bxc5 8.O-O Nge7
9.Nb3 Ba7 10.Nbd4 Nf5  1/2-1/2

[Event "2nd Bundesliga Mitte 2005-6"]
[Site "Austria AUT"]
[Date "2006.03.25"]
[Round "10"]
[White "Kranzl,P"]
[Black "Toefferl,H"]
[Result "1/2-1/2"]
[WhiteElo "2252"]
[BlackElo "2155"]

1.e4 e6 2.d4 d5 3.Nd2 Nc6 4.Ngf3 Nf6 5.e5 Nd7 6.Bb5 a5 7.O-O Na7 8.Bd3 c5
9.c4 dxc4 10.Nxc4 cxd4 11.Bg5 Qc7 12.Rc1 Bc5 13.Nd6+ Kf8 14.Bf4 Nc6 15.Ne4 Qb6
16.a3 h6 17.Bg3 Be7 18.Qc2 g5 19.h3 Kg7 20.Rfe1 Rd8 21.Qe2 Nf8 22.Nh2 a4
23.Ng4 Bd7 24.f4 Ng6 25.fxg5 hxg5 26.Rf1 Rh8 27.Rf3 Ra5  1/2-1/2

[Event "Sozina Open"]
[Site "Bar SCG"]
[Date "2006.03.26"]
[Round "9"]
[White "Vuckovic,Bo"]
[Black "Drasko,M"]
[Result "1/2-1/2"]
[WhiteElo "2506"]
[BlackElo "2507"]

1.e4 e6 2.d4 d5 3.Nd2 Be7 4.Bd3 c5 5.dxc5 Nf6 6.Qe2 Nc6 7.Ngf3 a5 8.a4 O-O
9.O-O Nb4 10.Nb3 b6  1/2-1/2

[Event "ch-ARG s/f"]
[Site "Buenos Aires ARG"]
[Date "2006.03.26"]
[Round "7"]
[White "Pierrot,F"]
[Black "Lemos,D"]
[Result "1-0"]
[WhiteElo "2452"]
[BlackElo "2292"]

1.e4 e6 2.d4 d5 3.Nd2 a6 4.Bd3 Nf6 5.e5 Nfd7 6.Ne2 c5 7.c3 Nc6 8.O-O b5 9.Nf3 Qb6
10.Be3 Bb7 11.Re1 h6 12.Ng3 Qc7 13.Nh5 c4 14.Bc2 g6 15.Nf4 Rg8 16.h4 Nb6
17.Qd2 O-O-O 18.Nh3 Rh8 19.Nh2 Ne7 20.a4 Nxa4 21.Bxa4 bxa4 22.Rxa4 Nf5 23.g3 g5
24.h5 f6 25.g4 Nxe3 26.Qxe3 fxe5 27.Qxe5 Bd6 28.Qxe6+ Kb8 29.f4 Rhe8 30.Qxe8 Rxe8
31.Rxe8+ Ka7 32.Ra1 gxf4 33.Rae1 Qh7 34.Nf2 f3 35.Nxf3 Qf7 36.Kg2 Qf4 37.Ne5 Qd2
38.Re2 Qf4 39.Nh3 Qc1 40.g5 hxg5 41.h6 Bxe5 42.R8xe5 g4 43.Ng5 Qf4 44.Rf2 Qc1
45.h7 g3 46.Rfe2  1-0

[Event "TCh-CZE Extraliga 2005-6"]
[Site "Czech Rep CZE"]
[Date "2006.03.26"]
[Round "11"]
[White "Vyskocil,N"]
[Black "Vokoun,J"]
[Result "1-0"]
[WhiteElo "2293"]
[BlackElo "2294"]

1.e4 e6 2.d4 d5 3.Nd2 a6 4.Ngf3 c5 5.exd5 Qxd5 6.Bc4 Qd8 7.O-O Nf6 8.dxc5 Bxc5
9.Qe2 O-O 10.Ne4 Be7 11.Rd1 Qc7 12.Bg5 Nbd7 13.Bh4 b5 14.Bb3 Bb7 15.Bg3 Qb6
16.Nd6 Nc5 17.Nxb7 Nxb3 18.axb3 Qxb7 19.Ne5 Rfc8 20.c3 a5 21.h3 a4 22.b4 Ra7
23.Bh4 a3 24.Bxf6 Bxf6 25.bxa3 Rxc3 26.Rd7 Rc7 27.Rad1 Ra8 28.Qd3 g6 29.Nxf7 Rxd7
30.Qxd7 Qxd7 31.Rxd7 Rxa3 32.Nh6+ Kh8 33.Rb7 Bd4 34.Rxb5 Ra1+ 35.Kh2 Bxf2
36.Rb7 Ra3 37.g4 Be3 38.g5 Bf4+ 39.Kg2 Rg3+ 40.Kf2 Rxh3 41.Re7 Bxg5 42.Nf7+ Kg8
43.Nxg5 Rb3 44.Rb7  1-0

[Event "It"]
[Site "Frascati ITA"]
[Date "2006.03.29"]
[Round "5"]
[White "Mogranzini,R"]
[Black "Berkes,F"]
[Result "0-1"]
[WhiteElo "2370"]
[BlackElo "2597"]

1.e4 e6 2.d4 d5 3.Nd2 Nc6 4.Ngf3 Nf6 5.e5 Nd7 6.Be2 f6 7.exf6 Qxf6 8.Nb3 Bd6
9.Bg5 Qf7 10.Bh4 O-O 11.O-O Kh8 12.Bg3 e5 13.dxe5 Ndxe5 14.Nxe5 Nxe5 15.Nd4 Bd7
16.Qd2 Rae8 17.Rae1 c6 18.c3 Qf6 19.b3 Ng6 20.Bxd6 Qxd6 21.Bh5 Rxe1 22.Rxe1 Nf4
23.Bd1 Qg6 24.f3 c5 25.Nc2 Bh3 26.g3 Bd7 27.Kh1 Nh3 28.Ne3 Bc6 29.Ng2 Qf6
30.Rf1 Ng5 31.Nf4 d4 32.cxd4 cxd4 33.Kg2 Nf7 34.h4 Rd8 35.Re1 Ne5 36.Kf2 d3
37.Re3 Rd4 38.Qc3 Ng4+  0-1

[Event "TCh-FRA Top 16 Gp B"]
[Site "Gonfreville FRA"]
[Date "2006.03.30"]
[Round "4"]
[White "Nezar,M"]
[Black "Tkachiev,V"]
[Result "1/2-1/2"]
[WhiteElo "2394"]
[BlackElo "2642"]

1.e4 e6 2.d4 d5 3.Nd2 a6 4.Ngf3 c5 5.dxc5 Bxc5 6.Bd3 Nf6 7.exd5 Nxd5 8.Ne4 Be7
9.O-O Qc7 10.Bg5 Bxg5 11.Nfxg5 h6 12.Nf3 O-O 13.c3 b6 14.Re1 Rd8 15.Qc2 Bb7
16.Ng3 Nd7 17.Nh5 Rac8 18.Rad1 b5 19.Qb1 Nc5 20.Bh7+ Kh8 21.Bc2 Ne7 22.Ne5 Nc6
23.Nd3 Nxd3 24.Bxd3 Ne5 25.Be4 Nc4 26.Bxb7 Qxb7 27.Ng3 a5 28.Qc1 a4 29.h3 Kg8
30.Nf1 Qc6 31.Ne3 Nxe3 32.Qxe3 Qc4 33.a3 Rd5 34.Rd2 Rcd8 35.Rxd5 Qxd5 36.Qe4 Qb3
37.Qb4 Qd5 38.Qe4 Qd2 39.Qe2  1/2-1/2

[Event "TCh-FRA Top 16 Gp A"]
[Site "Montpellier FRA"]
[Date "2006.04.02"]
[Round "7"]
[White "Sebag,M"]
[Black "Prie,E"]
[Result "1-0"]
[WhiteElo "2415"]
[BlackElo "2467"]

1.e4 e6 2.d4 d5 3.Nd2 Nc6 4.Ngf3 Nf6 5.e5 Nd7 6.Bb5 a5 7.O-O Ncb8 8.Re1 b6
9.h4 Ba6 10.Bxa6 Nxa6 11.c4 c6 12.cxd5 cxd5 13.Nf1 Be7 14.h5 O-O 15.h6 g6
16.Ng3 Rc8 17.Bf4 Rc4 18.Rc1 Qc7 19.a3 Rxc1 20.Qxc1 Rc8 21.Qe3 b5 22.Bg5 Bf8
23.Qf4 b4 24.Re3 bxa3 25.bxa3 Nb6 26.Nh5 Nc4 27.Nf6+ Kh8 28.Nxd5 exd5 29.Qf6+ Kg8
30.e6 Re8 31.Bf4 Nxe3 32.Bxc7 Rxe6 33.Qd8 Nxc7 34.fxe3 Ne8 35.Qxd5 Rxe3 36.Ne5 Nd6
37.Nd7 Nf5 38.Nf6+  1-0

[Event "7th ch-Euro"]
[Site "Kusadasi TUR"]
[Date "2006.04.04"]
[Round "1"]
[White "Iordachescu,V"]
[Black "Iljushin,A"]
[Result "1-0"]
[WhiteElo "2592"]
[BlackElo "2527"]

1.e4 e6 2.d4 d5 3.Nd2 a6 4.Ngf3 c5 5.g3 Nc6 6.exd5 exd5 7.Bg2 Qe7+ 8.Kf1 Nf6
9.dxc5 Qxc5 10.Nb3 Qc4+ 11.Qe2+ Be7 12.Be3 O-O 13.Nbd4 Bd7 14.Qxc4 dxc4 15.Nxc6 Bxc6
16.Ne5 Bxg2+ 17.Kxg2 Rac8 18.Rad1 Rfe8 19.Bd4 Nd5 20.c3 f6 21.Nf3 Kf7 22.Rd2 b5
23.Rhd1 Red8 24.Kf1 b4 25.cxb4 Nxb4 26.a3 Nd3 27.Bc3 Rb8 28.Nd4 Rdc8 29.Nf5 Bc5
30.b4 Bf8 31.Ne3 a5 32.bxa5 Rb3 33.Rc2 Rxa3 34.Ra1 Rxa1+ 35.Bxa1 Rb8 36.Bc3 Bc5
37.Nxc4 Ke6 38.Nb2 Nb4 39.Re2+ Kd5 40.Na4 Nc6 41.Rd2+ Bd4 42.a6 Ke5 43.Bxd4+ Nxd4
44.a7 Ra8 45.f4+ Ke4 46.Nc5+  1-0

[Event "43rd ch-IND"]
[Site "Visakhapatnam IND"]
[Date "2006.04.04"]
[Round "2"]
[White "Venkatesh,M"]
[Black "Kamble,V"]
[Result "1-0"]
[WhiteElo "2438"]
[BlackElo "2403"]

1.e4 e6 2.d4 d5 3.Nd2 Be7 4.Ngf3 Nf6 5.e5 Nfd7 6.Bd3 c5 7.c3 b6 8.Qe2 cxd4
9.cxd4 a5 10.Bb5 Ba6 11.a4 Qc8 12.O-O Nc6 13.Nb3 Bxb5 14.Qxb5 O-O 15.Bg5 Na7
16.Qd3 Qd8 17.Bd2 Rc8 18.Rfc1 Nb8 19.h3 Qd7 20.Ng5 Bxg5 21.Bxg5 Rxc1+ 22.Nxc1 Rc8
23.Ne2 Qc6 24.Nc3 Nd7 25.Qg3 Nf8 26.h4 h5 27.Qf3 Qc4 28.Rd1 Nc6 29.Be3 g6
30.Nb5 Qc2 31.Nd6 Rc7 32.Ne8 Ne7 33.Rc1 Qxc1+ 34.Bxc1 Rxc1+ 35.Kh2 Nf5 36.Nd6 Nxd6
37.exd6 Rc6 38.Qf4 Kg7 39.Qe3 Nd7 40.Qd3 Rxd6 41.Qc3 e5 42.Qc7  1-0

[Event "FSGM April"]
[Site "Budapest HUN"]
[Date "2006.04.05"]
[Round "5"]
[White "Wittmann,W"]
[Black "Hoang Thanh Trang"]
[Result "1/2-1/2"]
[WhiteElo "2372"]
[BlackElo "2480"]

1.e4 e6 2.d4 d5 3.Nd2 Be7 4.Ngf3 Nf6 5.Bd3 c5 6.exd5 exd5 7.dxc5 Bxc5 8.Nb3 Qe7+
9.Qe2 Qxe2+ 10.Kxe2 Bb6 11.Re1 O-O 12.Kf1 Nc6 13.Be3 Nb4 14.Bxb6 axb6 15.Nfd4 Nxd3
16.cxd3 Bd7 17.a3 Rfc8 18.Rac1 Kf8 19.f3 Rxc1 20.Rxc1 Ke7 21.Kf2 Kd6 22.h4 Ra4
23.g3 Ng8 24.Ne2 Ne7 25.Nc3 Ra8 26.Nd4 Rc8 27.Nce2 Re8 28.Nc3 Rc8 29.Nce2 Re8
30.Nc3  1/2-1/2

[Event "7th ch-Euro"]
[Site "Kusadasi TUR"]
[Date "2006.04.05"]
[Round "2"]
[White "Kotronias,V"]
[Black "Lopez Martinez,J"]
[Result "1-0"]
[WhiteElo "2622"]
[BlackElo "2518"]

1.e4 e6 2.d4 d5 3.Nd2 Be7 4.Bd3 c5 5.dxc5 Nf6 6.Qe2 O-O 7.Ngf3 a5 8.O-O Na6
9.e5 Nd7 10.c3 Naxc5 11.Bc2 b6 12.Re1 Ba6 13.Qe3 Rc8 14.Nd4 Nb8 15.Qh3 g6
16.f4 Nc6 17.N2f3 Nxd4 18.Nxd4 Ne4 19.Be3 Bc5 20.Nf3 Be7 21.Rad1 Qe8 22.Qh6 f5
23.exf6 Bxf6 24.Bd4 Bb7 25.Bxf6 Rxf6 26.Bxe4 dxe4 27.Ne5 Rd8 28.Qg5 Rf8 29.h4 Rxd1
30.Rxd1 e3 31.Rd7 e2 32.Kf2 Bc8 33.Rd2 Qa4 34.Rd8 Qe4 35.Rxf8+ Kxf8 36.Qd8+ Kg7
37.Qe7+  1-0

[Event "7th ch-Euro"]
[Site "Kusadasi TUR"]
[Date "2006.04.06"]
[Round "3"]
[White "Kurmann,O"]
[Black "Iljushin,A"]
[Result "1/2-1/2"]
[WhiteElo "2296"]
[BlackElo "2527"]

1.e4 e6 2.d4 d5 3.Nd2 a6 4.Ngf3 c5 5.dxc5 Bxc5 6.Bd3 Nc6 7.O-O Nge7 8.exd5 exd5
9.Nb3 Bb6 10.Re1 O-O 11.Be3 Bc7 12.h3 f6 13.c3 Ne5 14.Bf1 N7c6 15.Nbd4 Re8
16.Qc2 Qd7 17.g3 Qf7 18.Bg2 Nc4 19.Bd2 Bd7 20.Rxe8+ Rxe8 21.Re1 N6e5 22.Nh4 Nd6
23.Qb3 Nec4 24.Rxe8+ Bxe8 25.Bc1 g6 26.Qc2 f5 27.Nhf3 Ne4 28.Ng5 Qe7 29.Nge6 Be5
30.Nf4 Bf7 31.Nd3 Bf6 32.Qe2 b5 33.Qe1 Qa7 34.Ne2 Qb6 35.Kh2 a5 36.b3 Ne5
37.Nxe5 Bxe5 38.Be3 Qc7 39.Bd4 Bxd4 40.cxd4 Qc2 41.Bxe4 dxe4 42.Nc1 a4 43.bxa4 bxa4
44.a3 Bc4 45.Qe3 Qb2 46.g4 f4 47.Qxf4 Qxa3 48.Qxe4 Qd6+ 49.f4 a3 50.Qe8+ Qf8
51.Qe5 Qa8 52.Kg3 a2 53.Nxa2 Bxa2 54.f5 gxf5 55.Qxf5 Qb8+ 56.Kf3 Qd8 57.Qe5 Qd5+
58.Kf4 Qf7+ 59.Kg3 h6 60.Qf4 Kg7 61.Qxf7+ Bxf7 62.Kf4 Kf6 63.h4 Ke6 64.Ke4 Bg6+
65.Kf4 Bc2 66.Kf3 Bd1+ 67.Kf4 Be2 68.Kg3 Kd5 69.Kf4 Kxd4  1/2-1/2

[Event "XXIX Open"]
[Site "Donostia San Sebastian ESP"]
[Date "2006.04.09"]
[Round "2"]
[White "Gonzalez Menendez,I"]
[Black "Alcaide Luque,A"]
[Result "1-0"]
[WhiteElo "2413"]
[BlackElo "2092"]

1.e4 e6 2.d4 d5 3.Nd2 Nc6 4.Ngf3 Nf6 5.e5 Nd7 6.c3 f6 7.exf6 Qxf6 8.Nb3 Bd6
9.Bg5 Qf7 10.Bh4 O-O 11.Be2 e5 12.dxe5 Ndxe5 13.O-O Nxf3+ 14.Bxf3 Be6 15.Bg3 Rad8
16.Re1 Bxg3 17.hxg3 d4 18.Nxd4 Nxd4 19.cxd4 c5 20.Re4 Bxa2 21.Rf4 Qc4 22.Rxf8+ Kxf8
23.d5 Bb3 24.Qd2 h6 25.Rxa7 Qd4 26.Qa5 Re8 27.Rxb7 Qxb2 28.Qc7 Re1+ 29.Kh2 Kg8
30.Qc8+ Kh7 31.Qf5+  1-0

[Event "7th ch-Euro"]
[Site "Kusadasi TUR"]
[Date "2006.04.10"]
[Round "7"]
[White "Erenburg,S"]
[Black "Iljushin,A"]
[Result "1-0"]
[WhiteElo "2573"]
[BlackElo "2527"]

1.e4 e6 2.d4 d5 3.Nd2 a6 4.Ngf3 c5 5.exd5 exd5 6.dxc5 Bxc5 7.Nb3 Bb6 8.Bg5 Ne7
9.Qd2 Nbc6 10.Be2 Bf5 11.O-O O-O 12.Rfe1 Re8 13.c3 Qd7 14.Rad1 Rad8 15.Nfd4 Be4
16.Nxc6 bxc6 17.Be3 Bxe3 18.Qxe3 Nf5 19.Qf4 Qa7 20.Nd4 Nxd4 21.cxd4 c5 22.dxc5 Qxc5
23.Bxa6 Qa5 24.Bf1 Qxa2 25.b4 h6 26.b5 Qb3 27.Rd4 Re6 28.Qd2 Qc2 29.Qxc2 Bxc2
30.Rc1 Bf5 31.f3 Red6 32.Kf2 Kf8 33.Rc7 R8d7 34.Rc8+ Ke7 35.g4 Be6 36.Ke3 f5
37.Ra8 fxg4 38.fxg4 Rc7 39.Rb4 Rb6 40.Ra6 Rcb7 41.Rxb6 Rxb6 42.Be2 Kd6 43.Kd4 Bd7
44.Rb3 Rb8 45.h3 Bc8 46.Ra3 Bb7 47.Ra7 Kc7 48.Kc5 Rg8 49.b6+ Kb8 50.Ra3 Rc8+
51.Kd4 Rc6 52.Rb3 Rf6 53.Bf3 Rf4+ 54.Ke5 Ra4 55.Bxd5 Ra5 56.Rd3 Rb5 57.Ke6 Rxb6+
58.Kf7 Rd6 59.Be4 Rb6 60.Bxb7 Rxb7+ 61.Kg6 Kc8 62.Rf3 Rb5 63.Kxg7 h5 64.Rf5 Rb7+
65.Kg6  1-0

[Event "FSGM April"]
[Site "Budapest HUN"]
[Date "2006.04.11"]
[Round "11"]
[White "Morrison,G SCO"]
[Black "Pap,G"]
[Result "1/2-1/2"]
[WhiteElo "2326"]
[BlackElo "2389"]

1.e4 e6 2.d4 d5 3.Nd2 Be7 4.Ngf3 c5 5.exd5 exd5 6.Bb5+ Bd7 7.Bxd7+ Nxd7 8.dxc5 Nxc5
9.O-O Nf6 10.Re1 O-O 11.Nf1  1/2-1/2

[Event "7th ch-Euro"]
[Site "Kusadasi TUR"]
[Date "2006.04.12"]
[Round "8"]
[White "Naiditsch,A"]
[Black "Pelletier,Y"]
[Result "1-0"]
[WhiteElo "2657"]
[BlackElo "2579"]

1.e4 e6 2.d4 d5 3.Nd2 Be7 4.e5 c5 5.Qg4 g6 6.dxc5 Nd7 7.Bb5 Qc7 8.Ngf3 Qxc5
9.Bd3 Bf8 10.O-O Bg7 11.c4 Ne7 12.Re1 O-O 13.cxd5 Qxd5 14.Bc4 Qa5 15.Qe4 Rb8
16.a4 Qc7 17.b3 b6 18.Ba3 Nc5 19.Qe2 Bb7 20.Nd4 Rfd8 21.N2f3 Nf5 22.Bb2 Nxd4
23.Nxd4 a6 24.f3 Rbc8 25.Rac1 Qb8 26.Qe3 Rc7 27.Rc2 Rdc8 28.Rec1 Nd7 29.f4 Bf8
30.f5 gxf5 31.Nxf5 Bc5 32.Bd4 Bxd4 33.Qxd4 Rxc4 34.bxc4  1-0

[Event "4th V.Nabokov Mem"]
[Site "Kyiv UKR"]
[Date "2006.04.12"]
[Round "11"]
[White "Moliboga,V"]
[Black "Dolzhikova,K"]
[Result "1/2-1/2"]
[WhiteElo "2297"]
[BlackElo "2284"]

1.e4 e6 2.d4 d5 3.Nd2 Nc6 4.Ngf3 Nf6 5.e5 Nd7 6.Be2 Be7 7.O-O f6 8.exf6 Nxf6
9.Re1 O-O 10.Bb5 Bd6 11.c4 Ne7 12.c5 Bf4 13.g3 Bxd2 14.Bxd2 Ne4 15.Bd3 Rxf3
16.Qxf3 Nxd2 17.Qh5 g6 18.Qe2 Ne4 19.Bxe4 dxe4 20.Qxe4 Qd5 21.Qf4 Bd7 22.Re5 Qc4
23.b3 Qc2 24.Qc1 Qxc1+ 25.Rxc1 Rf8 26.h4 Rf3 27.Re3 Rf5 28.Rd1 Kf7 29.f4 Bc6
30.Rde1 Bd5 31.Kf2 h5 32.Rd3 Kg7 33.a3 Rf8  1/2-1/2

[Event "43rd ch-IND"]
[Site "Visakhapatnam IND"]
[Date "2006.04.12"]
[Round "13"]
[White "Ramesh,R"]
[Black "Ravi,L"]
[Result "0-1"]
[WhiteElo "2491"]
[BlackElo "2423"]

1.e4 e6 2.d4 d5 3.Nd2 Nc6 4.Ngf3 Nf6 5.e5 Nd7 6.Bd3 Nb4 7.Be2 c5 8.c3 Nc6
9.O-O f6 10.exf6 Nxf6 11.Re1 Bd6 12.dxc5 Bxc5 13.Nb3 Bb6 14.Nbd4 O-O 15.Bd3 Qd6
16.Be3 h6 17.h3 Bd7 18.Nb5 Qb8 19.Bxb6 axb6 20.Nbd4 Re8 21.Bg6 Re7 22.Qe2 Be8
23.Bc2 Bh5 24.Qb5 Bxf3 25.Nxf3 Qc7 26.a3 e5 27.Bb3 Ra5 28.Qe2 e4 29.Nd4 Nxd4
30.cxd4 Ra8 31.Rac1 Qf4 32.Rc3 Rf8 33.Rec1 g5 34.Qe3 Kg7 35.Bd1 Qd6 36.Qg3 Qf4
37.Qe3 Rff7 38.Be2 Kg6 39.Rb3 Qd6 40.Qg3 Qe6 41.Rcc3 Rd7 42.Rc8 Rd6 43.Rbc3 Rc6
44.Qb8 Rxc3 45.Rxc3 h5 46.Bb5 Qf5 47.Qe5 Qf4 48.Rc8 Qd2 49.Rh8 Qxb2 50.h4 Qc1+
51.Bf1 gxh4 52.a4 Qc7 53.Bb5 Qc1+ 54.Bf1 Qc7 55.Qe6 Kg7 56.Rd8 Qf4 57.Qe5 Qxe5
58.dxe5 Ng4 59.e6 Re7 60.Rd6 Nf6 61.Rxb6 Kg6 62.Rb5 Kf5 63.a5 Ke5 64.Be2 Ne8
65.Bxh5 Ng7 66.Bg4 Nxe6 67.Bxe6 Rxe6 68.Rxb7 Ra6 69.Rb5 Kd4 70.Kf1 Kc4 71.Rb8 Rxa5
72.Ke2 d4 73.Rc8+ Kd5 74.Rd8+ Kc4 75.Rc8+ Rc5 76.Re8 Kc3 77.Rd8 Rc4 78.Ra8 Kc2
79.Ra2+ Kb3 80.Ra8 Rc2+ 81.Ke1 Kc4 82.Ra3 Rc3 83.Ra1 e3 84.fxe3 Rxe3+ 85.Kf2 Re8
86.Rh1 Rf8+ 87.Ke2 d3+ 88.Ke3 Re8+ 89.Kf3 d2  0-1

[Event "7th ch-Euro w"]
[Site "Kusadasi TUR"]
[Date "2006.04.13"]
[Round "9"]
[White "Sebag,M"]
[Black "Aginian,N"]
[Result "1-0"]
[WhiteElo "2415"]
[BlackElo "2319"]

1.e4 e6 2.d4 d5 3.Nd2 Be7 4.Ngf3 Nf6 5.e5 Nfd7 6.Bd3 c5 7.c3 Nc6 8.O-O a5
9.Re1 cxd4 10.cxd4 Qb6 11.Nb1 Nxd4 12.Nxd4 Qxd4 13.Nc3 Qb6 14.Qg4 O-O 15.Bh6 g6
16.Re2 Nc5 17.Bxf8 Bxf8 18.Bb5 a4 19.Rc2 Ra5 20.Be8 Qd8 21.Bxa4 d4 22.Rd2 Nxa4
23.Rxd4 Qc7 24.Rxa4 Rxe5 25.Rc4 Rc5 26.Rxc5 Bxc5 27.Rd1 Kg7 28.Qg3 Qa5 29.Qe5+ Kh6
30.Qb8  1-0

[Event "LII Nacional Abierto"]
[Site "Mexico City MEX"]
[Date "2006.04.13"]
[Round "4"]
[White "Torres Lopez,J"]
[Black "Juarez Flores,C"]
[Result "0-1"]
[WhiteElo "2150"]
[BlackElo "2381"]

1.e4 e6 2.d4 d5 3.Nd2 Nc6 4.Ngf3 Nf6 5.e5 Nd7 6.c3 f6 7.Bb5 fxe5 8.Nxe5 Ncxe5
9.dxe5 c6 10.Bd3 Nxe5 11.Qh5+ Nf7 12.Bxh7 Qf6 13.Nf3 Bd7 14.h4 O-O-O 15.Bg5 Nxg5
16.hxg5 Qf4 17.Rh4 Qc7 18.Qf7 Qb6 19.b4 c5 20.Ne5 Be8 21.Qf3 Qc7 22.Qe3 g6
23.Nxg6 Rxh7 24.Rxh7 Qxh7 25.Nxf8 Qh1+ 26.Kd2 Qxa1 27.Qxc5+ Bc6 28.g6 d4
29.c4 Qc3+ 30.Kd1 d3  0-1

[Event "1st IM"]
[Site "Edmonton CAN"]
[Date "2006.04.16"]
[Round "6"]
[White "Nekrasov,M"]
[Black "Vavrak,P"]
[Result "0-1"]
[WhiteElo "2406"]
[BlackElo "2408"]

1.e4 e6 2.d4 d5 3.Nd2 Be7 4.Bd3 c5 5.dxc5 Nf6 6.Qe2 a5 7.Ngf3 O-O 8.c3 Na6
9.e5 Nd7 10.Bxa6 Rxa6 11.b4 f6 12.exf6 Bxf6 13.b5 Ra8 14.Qxe6+ Kh8 15.Qxd5 Qe7+
16.Kf1 Bxc3 17.Rb1 Re8 18.Ba3 Qe2+ 19.Kg1 Nf6 20.Qc4 Bf5 21.Re1 Qxe1+ 22.Nxe1 Rxe1+
23.Nf1 Rd8 24.h3 Be5 25.f4 Bd3 26.Qa4 Rxf1+ 27.Kh2 Bxf4+ 28.g3 Rf2+ 29.Kg1 Be3  0-1

[Event "XIII TCh-RUS 1st League"]
[Site "Sochi RUS"]
[Date "2006.04.21"]
[Round "2"]
[White "Ivanov,Al3"]
[Black "Lushenkov,M"]
[Result "0-1"]
[WhiteElo "2375"]
[BlackElo "2368"]

1.e4 e6 2.d4 d5 3.Nd2 Be7 4.Bd3 c5 5.dxc5 Nf6 6.exd5 exd5 7.Ngf3 Bxc5 8.O-O O-O
9.h3 Nc6 10.c3 Re8 11.Nb3 Bb6 12.Bg5 Qd6 13.Qd2 Ne4 14.Qf4 Qf8 15.Qh2 Bf5
16.Rad1 f6 17.Bf4 Rac8 18.Nfd4 Nxd4 19.Nxd4 Bxd4 20.cxd4 Qb4 21.Bb1 Bd7 22.f3 Ng5
23.Bxg5 fxg5 24.Qg3 h6 25.f4 Bb5 26.fxg5 Bxf1 27.gxh6 Qe7 28.Re1 Qf6 29.Rxf1 Qxh6
30.Kh2 Rc1 31.Rxc1 Qxc1 32.Bf5 Qh6 33.Qf3 Qd6+ 34.g3 g6 35.Bd3 Kg7 36.h4 Qe6
37.Qf4 Qf6 38.Qg4 Re3 39.Bb5 Qf2+ 40.Kh3 Qf5  0-1

[Event "TCh-HUN 2005-6"]
[Site "Hungary HUN"]
[Date "2006.04.23"]
[Round "11"]
[White "Feher,G"]
[Black "Farago,I"]
[Result "0-1"]
[WhiteElo "2420"]
[BlackElo "2534"]

1.e4 e6 2.d4 d5 3.Nd2 Be7 4.e5 c5 5.Qg4 Kf8 6.dxc5 Nc6 7.Ndf3 f6 8.Bf4 Bxc5
9.Bd3 Qa5+ 10.c3 Qb6 11.Nh3 Qxb2 12.O-O Qxc3 13.Rfd1 fxe5 14.Rac1 Qb4 15.Nfg5 Nf6
16.Nxe6+ Bxe6 17.Qxe6 Re8 18.Qf5 Nd4 19.Qg5 exf4 20.Nxf4 Ne6 21.Nxe6+ Rxe6
22.Qf5 Re8 23.a3 Qb6 24.g4 g6 25.Qf4 Qd6 26.Qf3 Kg7 27.g5 Rhf8 28.gxf6+ Rxf6
29.Qh3 Rxf2 30.Kh1 Re3 31.Qh4 Qf8  0-1

[Event "VII TCh-RUS w"]
[Site "Sochi RUS"]
[Date "2006.04.27"]
[Round "8"]
[White "Severiukhina,Z"]
[Black "Mkrtchian,L"]
[Result "0-1"]
[WhiteElo "2189"]
[BlackElo "2453"]

1.e4 e6 2.d4 d5 3.Nd2 Be7 4.Ngf3 Nf6 5.e5 Nfd7 6.Bd3 c5 7.O-O cxd4 8.Nb3 Nc6
9.Re1 h6 10.Nbxd4 Nc5 11.c4 Nxd3 12.Qxd3 Nb4 13.Qc3 dxc4 14.Qxc4 Bd7 15.Bd2 Rc8
16.Qb3 Qb6 17.Rec1 O-O 18.a3 Nd5 19.Qxb6 Nxb6 20.b3 Nd5 21.a4 a6 22.Kf1 Bc5
23.Ne2 Ba7 24.Rxc8 Rxc8 25.Rc1 Rd8 26.Nc3 Nb4 27.Ne4 Nd3 28.Rc7 Bb8 29.Rc3 Nxe5
30.Nc5 Nxf3 31.gxf3 Bc6 32.Be3 Bxf3 33.Bd4 Bd5 34.h3 e5 35.Be3 f5 36.Nd3 Be4
37.Ne1 Bd6 38.Bb6 Re8 39.f3 Bc6 40.Nc2 f4 41.Rd3 Bf8 42.Bc7 e4 43.Rc3 g5
44.h4 exf3 45.hxg5 hxg5 46.Nd4 Bg7 47.Rc4 Be4 48.Kf2 Bd5 49.Rb4 Re4 50.Bb6 a5  0-1

[Event "VII TCh-RUS w"]
[Site "Sochi RUS"]
[Date "2006.04.27"]
[Round "8"]
[White "Sudakova,I"]
[Black "Andreeva,A"]
[Result "1-0"]
[WhiteElo "2391"]
[BlackElo "2028"]

1.e4 e6 2.d4 d5 3.Nd2 a6 4.Ngf3 Nf6 5.Bd3 c5 6.exd5 exd5 7.dxc5 Bxc5 8.O-O O-O
9.h3 Nc6 10.Nb3 Ba7 11.Bg5 h6 12.Bh4 Be6 13.c3 Re8 14.Bc2 Rc8 15.Qd3 Bb8
16.Rfe1 b5 17.Nc5 b4 18.Bxf6 gxf6 19.Nxe6 Rxe6 20.Qh7+ Kf8 21.Bf5 Ne5 22.Nd4 Re8
23.Bxc8 Qxc8 24.Nf5  1-0

[Event "XIII TCh-RUS 1st League"]
[Site "Sochi RUS"]
[Date "2006.04.27"]
[Round "8"]
[White "Anisimov,P"]
[Black "Kuligin,E"]
[Result "1-0"]
[WhiteElo "2500"]
[BlackElo "2334"]

1.e4 e6 2.d4 d5 3.Nd2 Be7 4.Bd3 c5 5.dxc5 Nf6 6.Qe2 Nc6 7.Ngf3 Nb4 8.Nb3 Nxd3+
9.cxd3 a5 10.Be3 a4 11.Nbd2 Qa5 12.O-O Bxc5 13.Rac1 Be7 14.Bg5 Bd8 15.e5 Nd7
16.Bxd8 Qxd8 17.Nd4 Qb6 18.Qe3 O-O 19.Rc2 Re8 20.h4 f6 21.N2f3 Nf8 22.h5 fxe5
23.Nxe5 h6 24.Qf4 Re7 25.Qh4 Re8 26.Qf4 Re7 27.Re1 Bd7 28.Re3 Be8 29.Rg3 a3
30.b3 Bxh5 31.Qxh6 Qxd4 32.Qxh5 Qa1+ 33.Kh2 Nd7 34.Ng6 Ree8 35.Rf3 Nf6 36.Qh8+ Kf7
37.Rc7+  1-0

[Event "8th Dubai Open"]
[Site "Dubai UAE"]
[Date "2006.04.28"]
[Round "6"]
[White "Ghader Pour,S"]
[Black "Singh,G"]
[Result "1/2-1/2"]
[WhiteElo "2144"]
[BlackElo "2273"]

1.e4 e6 2.d4 d5 3.Nd2 Nc6 4.Ngf3 Nf6 5.e5 Nd7 6.c3 f6 7.Bb5 a6 8.Bxc6 bxc6
9.exf6 Qxf6 10.O-O Bd6 11.Re1 O-O 12.Qe2 Re8 13.Ne5 c5 14.Ndf3 cxd4 15.cxd4 c5
16.Nxd7 Bxd7 17.dxc5 Bxc5 18.Bg5 Qf5 19.Qe5 Qf8 20.Rac1 Rac8 21.Bd2 Bd6 22.Qg5 Rxc1
23.Bxc1 h6 24.Qg6 Qf7 25.Qd3 Bb5 26.Qd4 Qf6 27.Qxf6 gxf6 28.Bxh6 e5 29.h3 Kf7
30.Bd2 d4 31.Rc1 Ke6 32.h4 Kd5 33.Nh2 f5 34.g4 fxg4 35.Nxg4 Rg8 36.Bg5 Be7
37.Bxe7 Rxg4+ 38.Kh2 Be2 39.Bg5 d3 40.Rc8 e4 41.Rd8+ Kc6 42.Rc8+ Kb7 43.Rd8 Bf3
44.Kh3 Rg1 45.Bf4 Kc6 46.Rd6+ Kb7 47.Be3 a5 48.Bf4 Rb1 49.Be5 Rf1 50.Kg3 Rg1+
51.Kf4 Rf1 52.Kg3 Rg1+ 53.Kf4  1/2-1/2

[Event "2nd Halkidiki Open"]
[Site "Kalithea GRE"]
[Date "2006.04.29"]
[Round "6"]
[White "Scurhan,G"]
[Black "Tsialas,P"]
[Result "1/2-1/2"]
[WhiteElo "2112"]
[BlackElo "2002"]

1.e4 e6 2.d4 d5 3.Nd2 Be7 4.Bd3 c5 5.exd5 Qxd5 6.Ngf3 cxd4 7.O-O Nf6 8.Nb3 e5
9.Bg5 O-O 10.c4 Qd6 11.Qc2 h6 12.Bh4 Nc6 13.c5 Qc7 14.Rfe1 Bg4 15.Qe2 Nh5
16.Qe4 f5 17.Qd5+ Kh7 18.Bxe7 Qxe7 19.Nxe5 Nf4 20.Nxc6 Qxe1+ 21.Rxe1 Nxd5
22.Ncxd4 Nb4 23.Bb1 Rfe8 24.Kf1 Rxe1+ 25.Kxe1 g6 26.f3 Bh5 27.Kf2 a5 28.Ne6 a4
29.Nbd4 Nc6 30.Nb5 Re8 31.Nf4 Re5 32.Nd3 Re7 33.Nc3 g5 34.Nxa4 Bf7 35.Nc3 Bc4
36.b3 Bxd3 37.Bxd3 Re5 38.g4 Rxc5 39.Bxf5+ Kg7 40.Ne2 Kf6 41.f4 Rd5 42.Nc3 Rd2+
43.Ke3 Rxh2 44.Ne4+ Kg7 45.fxg5 Rxa2 46.gxh6+ Kxh6 47.Nc5 Nd8 48.Kf4 Rf2+
49.Ke5 Nf7+ 50.Ke6 Ng5+ 51.Kd6 Rb2 52.Kc7 Nf3  1/2-1/2

[Event "2nd Halkidiki Open"]
[Site "Kalithea GRE"]
[Date "2006.04.29"]
[Round "7"]
[White "Sofronie,I"]
[Black "Dorfanis,I"]
[Result "1-0"]
[WhiteElo "2419"]
[BlackElo "2199"]

1.e4 e6 2.d4 d5 3.Nd2 Be7 4.Ngf3 Nf6 5.e5 Nfd7 6.Bd3 c5 7.c3 Nc6 8.O-O cxd4
9.cxd4 Qb6 10.Nb3 a5 11.a4 Nb4 12.Bb5 O-O 13.Be3 Nb8 14.Nc5 N8c6 15.Rc1 Na7
16.Be2 Rd8 17.Bg5 Bxg5 18.Nxg5 h6 19.Nh3 Nac6 20.Rc3 Ne7 21.Bb5 Qa7 22.g4 b6
23.Nb3 Bd7 24.f4 Bxb5 25.axb5 Qd7 26.f5 exf5 27.g5 h5 28.Qxh5 g6 29.Qh6 Qe8
30.Nf4 Qf8 31.Qh4 Rac8 32.Qf2 Kg7 33.e6 a4 34.Nd2 Rxc3 35.bxc3 Nc2 36.Nb1 Na1
37.Qa2 Nb3 38.Qxa4 Na5 39.exf7 Kxf7 40.Nd2 Rd6 41.Re1 Qc8 42.Qb4 Qc7 43.Nf3 Nb7
44.Qb2 Nd8 45.Qe2 Kf8 46.Qe5 Ke8 47.Nxd5  1-0